Public policymaking in a democratic society : (Record no. 27702)

MARC details
000 -LEADER
fixed length control field 01040nam a2200265 a 4500
005 - DATE AND TIME OF LATEST TRANSACTION
control field 20090620145140.0
008 - FIXED-LENGTH DATA ELEMENTS--GENERAL INFORMATION
fixed length control field 080222s2008 nyu b 001 0 eng
010 ## - LCCN (DPL NO)
LC control number ENG-94157
020 ## - INTERNATIONAL STANDARD BOOK NUMBER
International Standard Book Number 9788120337695
Terms of availability 295.00
035 ## - SYSTEM CONTROL NUMBER
System control number EN-77690
037 ## - SOURCE OF ACQUISITION
Source of stock number/acquisition DBAD / PUB
040 ## - CATALOGING SOURCE
Original cataloging agency dpl
Language of cataloging English
082 ## - DEWEY DECIMAL CLASSIFICATION NUMBER
Classification number 320.6
100 ## - MAIN ENTRY--PERSONAL NAME
Personal name Gerston, Larry N.
245 ## - TITLE STATEMENT
Title Public policymaking in a democratic society :
Remainder of title a guide to civic engagement /
Statement of responsibility, etc by Larry N. Gerston ; foreword by Thomas Ehrlich
250 ## - EDITION STATEMENT
Edition statement 2nd ed.
260 ## - PUBLICATION, DISTRIBUTION, ETC. (IMPRINT)
Place of publication, distribution, etc New Delhi
Name of publisher, distributor, etc PHI Learning
Date of publication, distribution, etc 2009
270 ## - ADDRESS
Address M-97 Connaught Circus
City New Delhi
Postal code 110001
300 ## - PHYSICAL DESCRIPTION
Extent xix, 218 p.
Dimensions 24cm(pbk)
504 ## - BIBLIOGRAPHY, ETC. NOTE
Bibliography, etc Includes bibliographical references and index.
650 ## - SUBJECT ADDED ENTRY--TOPICAL TERM
Topical term or geographic name as entry element Policy sciences.
650 ## - SUBJECT ADDED ENTRY--TOPICAL TERM
Topical term or geographic name as entry element Political planning
General subdivision Citizen participation.
942 ## - ADDED ENTRY ELEMENTS (KOHA)
Source of classification or shelving scheme Dewey Decimal Classification
Item type English Books
Classification part 320.6
Call number suffix GER
Holdings
Withdrawn status Lost status Source of classification or shelving scheme Damaged status Not for loan Collection code Home library Current library Date acquired Source of acquisition Cost, normal purchase price Total Checkouts Full call number Barcode Date last seen Copy number Cost, replacement price Koha item type
    Dewey Decimal Classification   Not For Loan Non-fiction D.B.Act.Division D.B.Act.Division 20/06/2009 DBAD / PUB 295.00   320.6 GER EN-77690 20/06/2009 1 295.00 English Books

© Delhi Public Library
Hit Counter
free hit counter